| 000 | 00480nam a2200133Ia 4500 | ||
|---|---|---|---|
| 008 | 260210s9999 xx 000 0 und d | ||
| 024 | _a10B-19-EE, 10B-103-EE, 10B-105-EE, 10B-108-EE & 10B-133-EE | ||
| 082 | _a621.902072 MUH | ||
| 100 | _aMuhammad Shahid, Usama Palla, Mohsin Ayub Baig, Syed Muhammad Waqas & Ovais Haroon Mirza | ||
| 245 | 0 | _a3D Printer | |
| 260 |
_aKarachi: _bUITU, _c2010 |
||
| 600 | _aElectronic Engineering | ||
| 650 | _aBachelor of Engineering (BE) | ||
| 999 |
_c33091 _d33091 |
||